| 000 | 01205cam a2200385 a 4500 | ||
|---|---|---|---|
| 001 | 979412 | ||
| 003 | OSt | ||
| 005 | 20140310182656.0 | ||
| 008 | 850823s1984 at af b 001 0deng | ||
| 010 | _a 85196565 | ||
| 020 |
_a0140079386 (pbk.) : _c$6.95 (U.S.) |
||
| 040 |
_aDLC _cDLC _dDLC |
||
| 043 | _aa-ph--- | ||
| 050 | 0 | 0 |
_aBR 1608 _b.M478 1984 |
| 082 | 0 | 0 |
_aM 282.599 _bM13 1984 |
| 100 | 1 | _aMcCoy, Alfred W. | |
| 245 | 1 | 0 |
_aPriests on trial _cMcCoy, Alfred W. |
| 260 |
_aRingwood, Vic., Australia _aNew York, NY, USA _bPenguin Books _cc1984 |
||
| 300 |
_a259 p., [16] p. of plates _bill. _c20 cm. |
||
| 500 | _a"A Penguin original"--Cover p. 4. | ||
| 500 | _aIncludes index. | ||
| 504 | _aBibliography: p. [251]-255. | ||
| 521 | _ahighschool to college students | ||
| 526 | _c0L to 17000L | ||
| 541 | _j1 | ||
| 562 | _e1 | ||
| 600 | 1 | 0 | _aO'Brien, Niall. |
| 600 | 1 | 0 | _aGore, Brian. |
| 650 | 0 |
_aPersecution _zPhilippines. |
|
| 650 | 0 |
_aChurch work with the poor _zPhilippines. |
|
| 651 | 0 |
_aPhilippines _xSocial conditions. |
|
| 651 | 0 |
_aPhilippines _xEconomic conditions _y1946-1986. |
|
| 906 |
_a7 _bcbc _corignew _d3 _encip _f19 _gy-gencatlg |
||
| 942 |
_2lcc _cBK _kM |
||
| 999 |
_c15122 _d15122 |
||